| 000 | 00752nam a2200217 a 4500 | ||
|---|---|---|---|
| 001 | 005428 | ||
| 003 | BD-ChCU | ||
| 008 | Ben | ||
| 020 | _a | ||
| 040 |
_aDLC _cDLC _dBD-ChCU |
||
| 082 | 0 | 0 | _a১৯০/বসু৮২পা |
| 100 | 1 |
_aবসু, শ্রীমনোরঞ্জন _b- |
|
| 245 | 1 | 0 |
_aপাশ্চাত্য দর্শনের ইতিহাস _bকান্ট, হেগেল |
| 250 | _a*** | ||
| 260 |
_aকলিকাতা _bপশ্চিমবংগ রাজ্য পুস্তক পর্ষদ _c১৯৯১ |
||
| 300 | _a** | ||
| 504 | _a- Biblio- | ||
| 650 | 0 |
_aদর্শন পাশ্চাত্য _bদর্শন পাশ্চাত্য |
|
| 700 | 1 | _a- | |
| 942 |
_2ddc _cBK |
||
| 999 |
_c5428 _d5428 |
||